000 00414nam a22001577a 4500
003 MPLRDC
005 20220104125736.0
008 210129b ||||| |||| 00| 0 eng d
082 _a414.11 ZYXY
100 _a新加坡中医学院编印
245 _a新加坡生草药彩色图谱
_c
260 _a
_b新加坡中医学院
_c1978
300 _b
650 _a中国医药--图说
942 _cBK
_o414.11 ZYXY
999 _c29772
_d29762